Skipper to the rescue / (Record no. 4719)

MARC details
000 -LEADER
fixed length control field 01107nam a22003017a 4500
001 - CONTROL NUMBER
control field 4719
003 - CONTROL NUMBER IDENTIFIER
control field FISKH
005 - DATE AND TIME OF LATEST TRANSACTION
control field 20250404103147.0
008 - FIXED-LENGTH DATA ELEMENTS--GENERAL INFORMATION
fixed length control field 240925b cb ||||| |||| 00| 0 eng d
020 ## - INTERNATIONAL STANDARD BOOK NUMBER
International Standard Book Number 9780545054591
040 ## - CATALOGING SOURCE
Original cataloging agency FISKH
Language of cataloging eng
Transcribing agency FISKH
Modifying agency FISKH
050 ## - LIBRARY OF CONGRESS CALL NUMBER
Classification number PZ7.M85354
082 ## - DEWEY DECIMAL CLASSIFICATION NUMBER
Edition number 823.92
100 ## - MAIN ENTRY--PERSONAL NAME
Personal name Moss, Olivia
245 ## - TITLE STATEMENT
Title Skipper to the rescue /
Statement of responsibility, etc. by Olivia Moss illustrated by Helen Turner
250 ## - EDITION STATEMENT
Edition statement First printing in 2008
260 ## - PUBLICATION, DISTRIBUTION, ETC.
Place of publication, distribution, etc. Lodon :
Name of publisher, distributor, etc. Scolastic,
Date of publication, distribution, etc. 2008.
300 ## - PHYSICAL DESCRIPTION
Extent 72 pages :
Other physical details illustrations ;
Dimensions 20cm
505 ## - FORMATTED CONTENTS NOTE
Formatted contents note N<br/>
520 ## - SUMMARY, ETC.
Summary, etc. Skipper, Dazzle, and their friends plan to spend the day flitting about the forest. But an unexpected storm spells trouble for the butterflies --- especially when they discover a cocoon about to hatch. Can Skipper help this new butterfly weather the storm? Real butterfly facts included at the end of the book!
521 8# - TARGET AUDIENCE NOTE
Target audience note 580L<br/>
Source Lexile<br/>
521 8# - TARGET AUDIENCE NOTE
Target audience note N<br/>
Source Raz-Plus<br/>
650 ## - SUBJECT ADDED ENTRY--TOPICAL TERM
Source of heading or term Fiction
Topical term or geographic name entry element Novel
650 ## - SUBJECT ADDED ENTRY--TOPICAL TERM
Source of heading or term Butterflies
Topical term or geographic name entry element Dutch
700 ## - ADDED ENTRY--PERSONAL NAME
Personal name Turner, Helen
Dates associated with a name Illustrator
942 ## - ADDED ENTRY ELEMENTS (KOHA)
Source of classification or shelving scheme Dewey Decimal Classification
Koha item type Books
Suppress in OPAC No
Holdings
Withdrawn status Lost status Source of classification or shelving scheme Damaged status Not for loan Collection Home library Current library Shelving location Date acquired Total Checkouts Full call number Barcode Date last seen Copy number Price effective from Koha item type Date last checked out
    Dewey Decimal Classification     Fiction Footprints International School Library Network Toul Kork Campus Footprints International School Library Network Toul Kork Campus TTP Primary Yellow Bookshelves 09/25/2024   MOS 823.92 PZ7.M85354 2024-2078 09/25/2024 1 09/25/2024 Books  
    Dewey Decimal Classification     Juvenile Fiction Footprints International School Library Network Toul Tom Poung Campus Footprints International School Library Network Toul Kork Campus TTP Primary Yellow Bookshelves 03/31/2025 1 MOS 823.92 PZ7.M85354 2025-0901 02/25/2026 2 03/31/2025 Books 01/21/2026
    Dewey Decimal Classification     Juvenile Fiction Footprints International School Library Network Toul Tom Poung Campus Footprints International School Library Network Toul Tom Poung Campus TTP Primary Yellow Bookshelves 04/04/2025   MOS 823.92 PZ7.M85354 2025-0971 04/04/2025 3 04/04/2025 Books